| 000 | 00948nam a2200277Ia 4500 | ||
|---|---|---|---|
| 003 | GCL | ||
| 008 | 140319s9999 xx 000 0 ara d | ||
| 040 |
_aGCL / _cGCL |
||
| 082 | 0 | 4 |
_a640 _bج ش |
| 100 | 1 | _aجونزا، ايفيلين | |
| 245 | 1 | 0 |
_aالشئون المنزلية للناشئات / _cجونزا، ايفيلين |
| 700 | 1 | _aبرنهام، هيلين | |
| 700 | 1 | _aاسعاد جودة عفيفى | |
| 700 | 1 | _aنظيرة نقولا | |
| 260 |
_a[S.N] : _bلجنة الاعلام والدراسات المستقبلية ، _c1994 |
||
| 300 | _a498 | ||
| 490 |
_aمجموعة الكتب الدراسية والمراجع الامريكية _v0 |
||
| 650 | 0 | 4 | _aالاقتصاد المنزلى |
| 650 | 0 | 4 | _aالترفيه |
| 650 | 0 | 4 | _aشغل الابرة |
| 650 | 0 | 4 | _aالاغذية |
| 650 | 0 | 4 | _aالتعليم النسوى |
| 650 | 0 | 4 | _aتنظيف الملابس |
| 650 | 0 | 4 | _aالحياكة |
| 942 |
_2ddc _cBK |
||
| 999 |
_c29777 _d29777 |
||